1199 1631 1215 1915 1212 1551 1241 1326 1303 1783 1190 1213 1472 1758 1039 1074 1032 1060 1154 1849 1205 1274 1953 1682 1398 1941 1566 1569 1328 1634 1321 1605 1413 1602 1642 1935 1850 1294 1810 1057 1440 1796 1151 1044 1693 1847 1387 1367 1118 1368 1419 1607 1511 1070 1877 1528 1126 1323 1689 1758 1045 1394 1056 1232 1730 1934 1903 1417 1442 1735 1616 1636 1586 1019 1325 1656 1381 1803 1811 1611 1634 1690 1086 1951 1594 1848 1948 1952 1443 1808 1747 1139 1513 1565 1976 1865 1721 1145 1661 BCNSPRNW ULIB Ver.6.0+V

เปลี่ยนเป็นภาษาไทย

Change to English
 แสดงรายละเอียดบรรณานุกรม
  กลับหน้าหลัก

Brief Record : Get Marc (ISO 2709) : E-mail record : QR code < ปิดหน้าต่าง
LEADER : 00000nam 2200000uu 4500
001    13399120413
003     ULIB
008    120920s2546||||th 000 0 tha d
050 04 ^aWB100^bช175น 2546
245 00 ^aนานาสาระสำหรับประชาชน /^cชมรมผู้รับพระราชทานทุนมูลนิธิอานันทมหิดล
260    ^aกรุงเทพฯ :^bโรงพิมพ์กรุงเทพฯ,^c2546
300    ^a259 หน้า :^bภาพประกอบสี ;^c31 ซม
500 0  ^aชมรมผู้รับพระราชทานทุนมูลนิธิอานันทมหิดล จัดพิมพ์ในวโรกาสสมเด็จพระเทพรัตนราชสุดาฯ สยามบรมราชกุมารี ประธานคณะกรรมการบริหารมูลนิธิอานันทมหิดล ทรงเจริญพระชนมายุ 48 พรรษา วันที่ 2 เมษายน 2546
650  7 ^aรวมเรื่อง
650  7 ^aภาษาไทย^xภาษาถิ่น
650  7 ^aชมรมผู้รับพระราชทานทุนมูลนิธิอานันทมหิดล
945    ^p0^l0^i24360
995    ^aกัณชพร
999 ^a ใช้งานได้ทุกระบบ
รายการนี้ยังไม่มีแท็ก
คุณยังไม่ได้ล็อกอิน คุณสามารถมีกิจกรรมร่วมกับเว็บไซต์ได้ แต่ต้องล็อกอินก่อน ::
  ล็อกอิน

รายการสื่อสารสนเทศ

ลำดับที่ ประเภท เลขเรียก/บาร์โค้ด สถานที่ สถานะ
1. วิทยาศาสตร์การแพทย์ และสุขภาพ
วิทยาศาสตร์การแพทย์ และสุขภาพ
WB100 ช175น 2546  
  Barcode: 24360
ห้องสมุดวิทยาเขตสวรรค์ประชารักษ์
►หนังสือทั่วไป
ถูกยืม กำหนดส่งวันที่ 11 พฤษภาคม 2558
  จอง

รายการใกล้เคียง
    หัวเรื่อง [รวมเรื่อง]
    หัวเรื่อง [ชมรมผู้รับพระราชทานทุนมูลนิธิอานันทมหิดล]

BibComment


ยังไม่เคยถูกคอมเมนท์

คอมเมนท์ทรัพยากรรายการนี้
  คอมเมนท์: นานาสาระสำหรับปร..


 Copyright 2026. Bcnsprnw @Library